The UFO casebook
| Other Authors: | |
|---|---|
| Format: | Book |
| Published: |
London :
MacDonald & Co (Publishers) Ltd ,
1992
|
| Subjects: |
MARC
| LEADER | 00000cam a2200000 7i4500 | ||
|---|---|---|---|
| 001 | 0000008552 | ||
| 002 | 000009321 | ||
| 005 | 20000330.0 | ||
| 020 | |a 0748103023 | ||
| 090 | 0 | 0 | |a 001.942 |b UFO |
| 245 | 1 | 4 | |a The UFO casebook |c Peter Brookesmith ; editor |
| 260 | |a London : |b MacDonald & Co (Publishers) Ltd , |c 1992 | ||
| 300 | |a 84 p. : |b ill. ; |c 30 cm. | ||
| 650 | 0 | 0 | |a Life on other planets |
| 650 | 0 | 0 | |a Unidentified flying objects |
| 700 | 1 | |a Brookesmith, Peter | |
| 999 | |a 027992 |b BUKU |c PINJAMAN |e PERPUSTAKAAN KOMUNITI PETALING JAYA | ||